A fővárosi onkológiai CT- és MR-várólista-csökkentési program jelentősége és részidős eredményei, tapasztalatai

HÁTTÉR – A nagy értékű orvosi képalkotó diagnosztikai eljárások kulcsfontosságú elemei az onkológiai betegség gyanújával rendelkező betegek klinikai vizsgálatának és a megkezdett terápia hatékonysága megállapításának. Magyarországon a magas diagnosztikai igények következtében a komputertomográfia (C...

Teljes leírás

Elmentve itt :
Bibliográfiai részletek
Szerzők: Rékassy Balázs
Maurovich-Horvat Pál
Szanka Tímea
Papp Zsombor Mátyás
Takács Róbert
Salai Márton József
Dózsa Csaba
Dokumentumtípus: Cikk
Megjelent: 2023
Sorozat:LEGE ARTIS MEDICINAE 33 No. 1-2
Tárgyszavak:
doi:10.33616/lam.33.0041

mtmt:33665623
Online Access:http://publicatio.bibl.u-szeged.hu/29215
LEADER 03851nab a2200289 i 4500
001 publ29215
005 20240108081348.0
008 240108s2023 hu o 0|| Magyar d
022 |a 0866-4811 
024 7 |a 10.33616/lam.33.0041  |2 doi 
024 7 |a 33665623  |2 mtmt 
040 |a SZTE Publicatio Repozitórium  |b hun 
041 |a Magyar 
100 1 |a Rékassy Balázs 
245 1 2 |a A fővárosi onkológiai CT- és MR-várólista-csökkentési program jelentősége és részidős eredményei, tapasztalatai  |h [elektronikus dokumentum] /  |c  Rékassy Balázs 
260 |c 2023 
300 |a 41-48 
490 0 |a LEGE ARTIS MEDICINAE  |v 33 No. 1-2 
520 3 |a HÁTTÉR – A nagy értékű orvosi képalkotó diagnosztikai eljárások kulcsfontosságú elemei az onkológiai betegség gyanújával rendelkező betegek klinikai vizsgálatának és a megkezdett terápia hatékonysága megállapításának. Magyarországon a magas diagnosztikai igények következtében a komputertomográfia (CT) vagy mágneses rezonanciás képalkotás (MR) diagnosztikai várólistái általában hosszúak és kevésbé átlátható leletezési időt eredményeznek, még a potenciálisan daganatgyanús egyéneknél vagy a diagnosztizált daganatos beteg terápiájának követése esetén is. A JELEN TANULMÁNY CÉLJA – Az Egészséges Budapest Program (EBP) keretén belül megvalósuló budapesti onkodiagnosztikai program félidős elemzése, a tapasztalatok leszűrése és a háttérben meghúzódó egészségpolitikai folyamatok bemutatása. EREDMÉNYEK – A Program keretében a Fővárosi Önkormányzat 2020 novemberétől 2022. december 31-ig 5437 kontrasztanyagos CT és 2948 MR, C-s vagy D-s iránydiagnózissal, az úgynevezett „ BP” térítési kategóriában beutalt eset vizsgálatát finanszírozta szektorsemleges módon köz- és magánegészségügyi képalkotó szolgáltatók felé. A Semmelweis Egyetem tanulmánya szerint az EBP-s betegek esetében a radiológiai vizsgálatok átlagosan 15,2 nappal gyorsabban megtörténtek (16,1 kontra 31,3 nap), mint a NEAK-finanszírozott esetekben, az átlagos várakozási idő a CT vagy MR-vizsgálatokra 13 nappal rövidült (4,2 nap, szemben a 17,2 nappal). Az esetek 86%-ában a betegek egyszer, 14%-ában kétszer vagy még többször vették igénybe a Programot. A Programon belüli igénybevétel ugyanakkor fővárosi kerületenként jelentős különbséget mutat: az eredetileg kerületi bontású – demográfiai, prevalencia- és incidenciaadatok alapján tervezett – esetszámkereteket az egyes kerületek CT esetében 3–45%, MR esetében pedig 8–37% közötti mértékben aknázták ki a kerületi lakosoknak, döntően a kerületi szakrendelői intézeti szakorvosok BP Programba való beutalása révén, a 2020. november és 2022. augusztus közötti időszakban. KONKLÚZIÓ – Az eredetileg a Covid-járvány előtt tervezett esetszámokhoz képest a Program kisebb mértékben került felhasználásra. A tervezett szakmai célkitűzéseket tekintve a CT és MR diagnosztikai előjegyzési idők és várólisták csökkenése révén a Program elérte hatását, illetve közvetve hatással van a budapesti képalkotó diagnosztikai várólisták csökkenésére, ugyanakkor ez önmagában nem elegendő a teljes onkológiai vizsgálati sor gyorsításához és rendezetté tételéhez. Emiatt a Programot további diagnosztikai elemekkel és beteg - útszervezési modulok irányába kívánjuk továbbfejleszteni. 
650 4 |a Klinikai orvostan 
700 0 2 |a Maurovich-Horvat Pál  |e aut 
700 0 2 |a Szanka Tímea  |e aut 
700 0 2 |a Papp Zsombor Mátyás  |e aut 
700 0 2 |a Takács Róbert  |e aut 
700 0 2 |a Salai Márton József  |e aut 
700 0 2 |a Dózsa Csaba  |e aut 
856 4 0 |u http://publicatio.bibl.u-szeged.hu/29215/1/Rekassy2023.pdf  |z Dokumentum-elérés